जीवन संध्या में सिंहावलोकन / (Record no. 116998)
[ view plain ]
| 000 -LEADER | |
|---|---|
| fixed length control field | 01325nam a22002897a 4500 |
| 003 - CONTROL NUMBER IDENTIFIER | |
| control field | dpl |
| 005 - DATE AND TIME OF LATEST TRANSACTION | |
| control field | 20180911111326.0 |
| 008 - FIXED-LENGTH DATA ELEMENTS--GENERAL INFORMATION | |
| fixed length control field | 180911b xxu||||| |||| 00| 0 eng d |
| 010 ## - LIBRARY OF CONGRESS CONTROL NUMBER | |
| LC control number | B-055240 |
| 020 ## - INTERNATIONAL STANDARD BOOK NUMBER | |
| Terms of availability | 00.00 |
| 035 ## - SYSTEM CONTROL NUMBER | |
| System control number | B-055240, B-055244 |
| 037 ## - SOURCE OF ACQUISITION | |
| Source of stock number/acquisition | Cen Lib/Ret |
| 040 ## - CATALOGING SOURCE | |
| Original cataloging agency | DPL |
| Language of cataloging | HN |
| Transcribing agency | 0 |
| 082 ## - DEWEY DECIMAL CLASSIFICATION NUMBER | |
| Classification number | उ |
| Item number | मूर्तिरा |
| 100 ## - MAIN ENTRY--PERSONAL NAME | |
| Personal name | मूर्तिराव, ए.एन. |
| 9 (RLIN) | 69461 |
| 245 ## - TITLE STATEMENT | |
| Title | जीवन संध्या में सिंहावलोकन / |
| Statement of responsibility, etc | ए.एन.मूर्तिराव; अनुवादक इन्दिरा कृष्णमूर्ति |
| 246 ## - VARYING FORM OF TITLE | |
| Title proper/short title | Jeevan sandhya me sinhavlokan / |
| Remainder of title | by A.N.Mutirav; anuvadak Indira Krishnmurti |
| 260 ## - PUBLICATION, DISTRIBUTION, ETC. (IMPRINT) | |
| Place of publication, distribution, etc | बेंगलूर |
| Name of publisher, distributor, etc | एन जे बालाजी पब्लिशर्स प्रैवेट लिमिटेड |
| Date of publication, distribution, etc | 2000 |
| 270 ## - ADDRESS | |
| City | बेंगलूर |
| Postal code | 560 001 |
| 300 ## - PHYSICAL DESCRIPTION | |
| Extent | vix,527पृ. |
| Dimensions | 20सेमी(सजिल्द) |
| 650 ## - SUBJECT ADDED ENTRY--TOPICAL TERM | |
| Topical term or geographic name as entry element | हिन्दी साहित्य |
| 9 (RLIN) | 69462 |
| 650 ## - SUBJECT ADDED ENTRY--TOPICAL TERM | |
| Topical term or geographic name as entry element | हिन्दी -- उपन्यास |
| 9 (RLIN) | 69463 |
| 650 ## - SUBJECT ADDED ENTRY--TOPICAL TERM | |
| Topical term or geographic name as entry element | Hindi literature |
| 9 (RLIN) | 69464 |
| 650 ## - SUBJECT ADDED ENTRY--TOPICAL TERM | |
| Topical term or geographic name as entry element | Hindi -- Fiction |
| 9 (RLIN) | 27248 |
| 700 ## - ADDED ENTRY--PERSONAL NAME | |
| Personal name | इन्दिरा कृष्णमूर्ति |
| 9 (RLIN) | 42819 |
| 942 ## - ADDED ENTRY ELEMENTS (KOHA) | |
| Source of classification or shelving scheme | Dewey Decimal Classification |
| Koha item type | Hindi Books |
| Classification part | उ |
| Call number suffix | मूर्तिरा |
| Withdrawn status | Lost status | Damaged status | Not for loan | Home library | Current library | Date acquired | Source of acquisition | Cost, normal purchase price | Total Checkouts | Total Renewals | Full call number | Barcode | Date last seen | Date checked out | Copy number | Cost, replacement price | Price effective from | Koha item type | Source of classification or shelving scheme | Collection code |
|---|---|---|---|---|---|---|---|---|---|---|---|---|---|---|---|---|---|---|---|---|
| Central Library | Central Library | 26/08/2015 | Cen Lib/Ret | 0.00 | 2 | 1 | उ मूर्तिरा | B-055240 | 23/04/2018 | 28/03/2018 | 1 | 0.00 | 26/08/2015 | Hindi Books | ||||||
| Shahdara Branch | Shahdara Branch | 11/09/2018 | BPPD/PUB | 225.00 | उ मूर्तिरा | B-055244 | 11/09/2018 | 225.00 | 11/09/2018 | Hindi Books | Dewey Decimal Classification | Fiction |
